[Event "USCL Championship"]
[Site "Internet Chess Club"]
[Date "2015.12.01"]
[Round "?"]
[White "Nakada, Akira"]
[Black "Rosenthal, Nicholas"]
[Result "1-0"]
[WhiteElo "2035"]
[BlackElo "2162"]
[PlyCount "91"]
[EventDate "2015.??.??"]

1. d4 d5 2. c4 Nc6 3. Nf3 Bg4 4. h3 Bxf3 5. exf3 e6 6. Nc3 Nge7 7. cxd5 Nxd5 8.
Bb5 Qd7 9. O-O a6 10. Ba4 Nb6 11. Bxc6 Qxc6 12. Bf4 Bd6 13. Bxd6 Qxd6 14. Ne4
Qd5 15. Rc1 O-O-O 16. Qc2 Rd7 17. Rfd1 Kb8 18. a4 h5 19. a5 Qxa5 20. Nc5 Re7
21. Rd3 Rd8 22. Rc3 Rc8 23. Ra3 Qb5 24. Rb3 Qe8 25. Qe4 c6 26. Rxb6 Ka7 27. Rb3
Qd8 28. Qe2 Qa5 29. Rc4 b5 30. Rc1 Qd8 31. Ra3 Qxd4 32. Rxa6+ Kb8 33. Rb6+ Ka7
34. Ra6+ Kb8 35. Qe1 Qxb2 36. Rb6+ Kc7 37. Rb7+ Kd8 38. Qd1+ Ke8 39. Rxe7+ Kxe7
40. Qd7+ Kf6 41. Nd3 Qd2 42. Qxc8 Qxd3 43. Qxc6 b4 44. Qc2 Qd4 45. Rb1 Ke5 46.
Qe4+ 1-0

[Event "USCL Championship"]
[Site "Internet Chess Club"]
[Date "2015.12.01"]
[Round "?"]
[White "Nyzhnyk, Illya"]
[Black "Lenderman, Alex"]
[Result "1-0"]
[WhiteElo "2725"]
[BlackElo "2728"]
[PlyCount "83"]
[EventDate "2015.??.??"]

1. d4 Nf6 2. c4 e6 3. Nc3 Bb4 4. Qc2 b6 5. a3 Bxc3+ 6. Qxc3 Bb7 7. f3 c5 8.
dxc5 bxc5 9. Bg5 Nc6 10. e3 d6 11. O-O-O Rb8 12. Nh3 h6 13. Bh4 Ba8 14. Nf4 g5
15. Nh5 e5 16. Nxf6+ Qxf6 17. Bg3 Ke7 18. h4 Rb6 19. hxg5 hxg5 20. Rxh8 Qxh8
21. Bd3 Qb8 22. Bc2 Qc8 23. Rh1 Qe6 24. Be4 Bb7 25. Rh5 Na5 26. Qxa5 Bxe4 27.
fxe4 Qxc4+ 28. Qc3 Qf1+ 29. Be1 c4 30. g3 Rb3 31. Qa5 Rb7 32. Rh8 Rd7 33. Qd2
Qf3 34. Qd5 Qf1 35. Qd1 Qg1 36. Qe2 c3 37. bxc3 Rc7 38. Kc2 g4 39. Rh4 Rc4 40.
Qxc4 Qxe1 41. Qc7+ Kf6 42. Qxd6+ 1-0

[Event "USCL Championship"]
[Site "Internet Chess Club"]
[Date "2015.12.01"]
[Round "?"]
[White "Finegold, Spencer"]
[Black "Rozman, Levy"]
[Result "0-1"]
[WhiteElo "2187"]
[BlackElo "2378"]
[PlyCount "88"]
[EventDate "2015.??.??"]

1. d4 f5 2. Nc3 Nf6 3. Bg5 d5 4. f3 c5 5. e4 Nc6 6. Bb5 a6 7. Bxc6+ bxc6 8.
Nge2 e6 9. exf5 exf5 10. Qd2 Bd6 11. O-O O-O 12. Kh1 cxd4 13. Qxd4 Rb8 14. a3
c5 15. Qd3 d4 16. Nd5 Rxb2 17. Rab1 Rxb1 18. Rxb1 Qd7 19. Nxf6+ gxf6 20. Bf4
Re8 21. Bxd6 Qxd6 22. Ng3 Qe6 23. h3 Qe5 24. f4 Qxf4 25. Nh5 Qd6 26. Qf3 Bd7
27. Nf4 Re3 28. Qa8+ Kg7 29. Nh5+ Kh6 30. Qg8 Be8 31. Qg7+ Kxh5 32. Qxh7+ Kg5
33. Rf1 f4 34. Qg8+ Bg6 35. h4+ Kh6 36. h5 Bxh5 37. Qh8+ Kg6 38. Qg8+ Kf5 39.
Qc8+ Ke5 40. Qh8 Be2 41. Qe8+ Kf5 42. Qc8+ Qe6 43. g4+ Bxg4 44. Qxc5+ Kg6 0-1

[Event "USCL Championship"]
[Site "Internet Chess Club"]
[Date "2015.12.01"]
[Round "?"]
[White "Izoria, Zviad"]
[Black "Akobian, Varuzhan"]
[Result "1/2-1/2"]
[WhiteElo "2638"]
[BlackElo "2721"]
[PlyCount "131"]
[EventDate "2015.??.??"]

1. e4 e6 2. d4 d5 3. Nc3 Nf6 4. e5 Nfd7 5. f4 c5 6. Nf3 Nc6 7. Be3 cxd4 8. Nxd4
Bc5 9. Qd2 O-O 10. O-O-O a6 11. Qf2 Bxd4 12. Bxd4 b5 13. Be3 Qa5 14. Kb1 b4 15.
Ne2 Qc7 16. Ng1 a5 17. Nf3 Ba6 18. Bd3 Bxd3 19. cxd3 a4 20. Rc1 Qb7 21. Nd4
Nxd4 22. Bxd4 Qa6 23. Qd2 b3 24. a3 Nb8 25. g4 Nc6 26. Bc5 Rfc8 27. Rc3 d4 28.
Rc4 Na5 29. Rcc1 Qb7 30. Qb4 Qf3 31. Qxd4 Nc6 32. Qe3 Qxg4 33. Rhg1 Qh4 34. f5
exf5 35. Rc4 Qd8 36. Qh6 Qxd3+ 37. Ka1 Qd1+ 38. Rc1 Qxc1+ 39. Qxc1 Nxe5 40. Qg5
g6 41. Bd4 Nf3 42. Qf6 Nxd4 43. Qxd4 Re8 44. Kb1 Re4 45. Qf6 Rae8 46. Rc1 h5
47. h4 R4e6 48. Qd4 Re4 49. Qf6 f4 50. Rd1 Re1 51. Rc1 R1e4 52. Rd1 f3 53. Qxf3
Rxh4 54. Rf1 Re7 55. Qf6 Rhe4 56. Kc1 h4 57. Rd1 h3 58. Rd8+ Re8 59. Rxe8+ Rxe8
60. Qh4 Rc8+ 61. Kd1 Rc2 62. Qxh3 Rxb2 63. Qc8+ Kh7 64. Qh3+ Kg8 65. Qc8+ Kh7
66. Qh3+ 1/2-1/2